Plus grandes villes côtières de France - Statistiques

Statistiques générales
  • Ce quiz a été pris 162 fois
  • Le résultat moyen est 28 sur 44
Statistiques - réponses
Département Population Ville % Correct
Alpes-Maritimes 343k Nice
98%
Bouches-du-Rhône 873k Marseille
96%
Finistère 140k Brest
95%
Nord 87k Dunkerque
91%
Seine-Maritime 166k Le Havre
91%
Var 179k Toulon
91%
Charente-Maritime 77k La Rochelle
90%
Alpes-Maritimes 73k Cannes
87%
Pas-de-Calais 73k Calais
86%
Ille-et-Vilaine 47k Saint-Malo
84%
Corse-du-Sud 71k Ajaccio
82%
Haute-Corse 49k Bastia
81%
Pyrénées-Atlantiques 26k Biarritz
81%
Morbihan 57k Lorient
81%
Morbihan 54k Vannes
81%
Manche 78k Cherbourg-en-Cotentin
77%
Côtes-d'Armor 44k Saint-Brieuc
76%
Loire-Atlantique 72k Saint-Nazaire
75%
Alpes-Maritimes 75k Antibes
70%
La Réunion 153k Saint-Denis
70%
Martinique 76k Fort-de-France
69%
Pas-de-Calais 41k Boulogne-sur-Mer
68%
Vendée 43k Les Sables-d'Olonne
68%
Hérault 44k Sète
66%
Guyane 65k Cayenne
65%
Aude 56k Narbonne
65%
Alpes-Maritimes 30k Menton
63%
Var 57k Fréjus
60%
Seine-Maritime 28k Dieppe
56%
Mayotte 71k Mamoudzou
55%
Var 63k La Seyne-sur-Mer
53%
Charente-Maritime 20k Royan
50%
Bouches-du-Rhône 49k Martigues
48%
La Réunion 105k Saint-Paul
48%
Pyrénées-Atlantiques 41k Anglet
46%
Guadeloupe 54k Les Abymes
42%
Alpes-Maritimes 53k Cagnes-sur-Mer
41%
Bouches-du-Rhône 37k La Ciotat
41%
Gironde 26k La Teste-de-Buch
31%
Martinique 40k Le Lamentin
19%
Alpes-Maritimes 31k Saint-Laurent-du-Var
18%
Alpes-Maritimes 28k Vallauris
17%
Guadeloupe 31k Baie-Mahault
11%
Mayotte 32k Koungou
10%
Aucun quiz correspondant
Distribution des résultats
% des personnes avec chaque résultat
Percentile par nombre de réponses
Votre historique - résultats
Vous n’avez pas pris ce quiz